000 00238nam a2200097Ia 4500
001 713054
005 20250826162839.0
008 250824s9999 xx 000 0 und d
245 0 _aYILDIZ TOZU
_cPRISCILLE SIBLEY
260 _bARKADYA YAYINLARI
999 _c713054
_d713054